Manchester City 2018-19 Title Winning Squad - Statistics

General Stats
  • This quiz has been taken 178 times
  • The average score is 18 of 21
Answer Stats
Squad Number Nationality Name % Correct
20 Portugal Bernardo Silva
97%
21 Spain David Silva
96%
2 England Kyle Walker
96%
26 Algeria Riyad Mahrez
96%
10 Argentina Sergio Agüero
96%
4 Belgium Vincent Kompany
96%
5 England John Stones
94%
17 Belgium Kevin De Bruyne
94%
8 Germany İlkay Gündoğan
91%
7 England Raheem Sterling
91%
25 Brazil Fernandinho
90%
47 England Phil Foden
88%
19 Germany Leroy Sané
87%
35 Ukraine Oleksandr Zinchenko
87%
31 Brazil Ederson
85%
33 Brazil Gabriel Jesus
84%
22 France Benjamin Mendy
83%
14 France Aymeric Laporte
81%
30 Argentina Nicolás Otamendi
75%
3 Brazil Danilo
71%
18 England Fabian Delph
58%
No matching quizzes found
Score Distribution
Percent of People with Each Score
Percentile by Number Answered
Your Score History
You have not taken this quiz